Wind Energy Resource Survey in India, Part III, 1994 / (Record no. 5467)
[ view plain ]
| 000 -LEADER | |
|---|---|
| fixed length control field | 00322cam a2200121ua 4500 |
| 082 ## - DEWEY DECIMAL CLASSIFICATION NUMBER | |
| Classification number | 333.794 |
| Item number | ANN/WI |
| 100 ## - MAIN ENTRY--AUTHOR NAME | |
| Personal name | Anna mani, . |
| 245 ## - TITLE STATEMENT | |
| Title | Wind Energy Resource Survey in India, Part III, 1994 / |
| 250 ## - EDITION STATEMENT | |
| Edition statement | 1 / |
| 260 ## - PUBLICATION, DISTRIBUTION, ETC. (IMPRINT) | |
| Place of publication | Mumbai : |
| Name of publisher | Allied Publishers Pvt Ltd , |
| Year of publication | 1995. |
| 300 ## - PHYSICAL DESCRIPTION | |
| Number of Pages | 637 ; . |
| 942 ## - ADDED ENTRY ELEMENTS (KOHA) | |
| Koha item type | Reference |
| Withdrawn status | Lost status | Damaged status | Collection code | Home library | Current library | Shelving location | Date acquired | Full call number | Accession Number | Koha item type |
|---|---|---|---|---|---|---|---|---|---|---|
| Reference | KAUAET | KAUAET | Reference | 07/04/2012 | 333.794.ANN/WI | 19396 | Reference |
